| 000 | 01028nam a2200205 a 4500 | ||
|---|---|---|---|
| 001 | 000011245 | ||
| 005 | 20200929162410.0 | ||
| 008 | 091015s1970 dr 000 p spa d | ||
| 040 |
_aDO-SdBNP _bspa _cBNPHU |
||
| 082 |
_aRD861.44 _bP425a |
||
| 245 | 0 | 3 |
_aLa pequeña antología : _bpoetas de la cámara de los doce / _cpresentación R. E. Záiter L. |
| 260 |
_aSanto Domingo : _bEditorial Ovaciones, _c1970. |
||
| 300 |
_a85 p. ; _c22 cm. |
||
| 490 | 1 | _aLa Cámara | |
| 500 | _aEdición especial para la exposición mundial del libro y festival internacional. de la cultura, 1970. | ||
| 505 | 2 | _aDedicatoria -- Presentación -- Domingo Moreno Jimenes -- María Díaz de Ster -- Juan E. Padilla B. -- Esmerina Solano -- Mariano Lebrón Saviñón -- Colombina de Castellanos -- Taschid E. Záiter L. -- Licía Castillo -- Antono Fría sGálvez -- María Cristina de Farías -- Dimas E. Santos C. -- Selección de Puntos -- Índice . | |
| 700 | 1 |
_aZáiter L., Raschid E. _926811 |
|
| 830 | 0 |
_aLa Cámara _924916 |
|
| 049 | _aBNPD | ||
| 999 |
_c10964 _d10964 |
||